| 000 | 01139nam a22002297a 4500 | ||
|---|---|---|---|
| 999 |
_c121154 _d121154 |
||
| 001 | K121154 | ||
| 008 | 160218b2019 xxu||||| |||| 00| 0 eng d | ||
| 041 | _aeng | ||
| 110 | _aEeMAP | ||
| 245 |
_aCreating an energy efficient mortgage for Europe _bWhite paper _cPreliminary recommendations |
||
| 520 | _aThis White Paper presents an overview of current practices in relation to finance, energy efficiency indicators, property valuation and the impact of energy efficiency on risk management in the context of the private bank financing of improving energy efficiency of the building stock in Europe. See follow up reports K121152 Creating an energy efficient mortgage for Europe and K121153 Energy efficiency lending and valuation due diligence. | ||
| 650 | _aEeMAP | ||
| 650 | _aEnergy efficiency | ||
| 650 | _aSustainability | ||
| 650 | _aRefurbishment | ||
| 650 | _aValuation | ||
| 651 | _aEurope | ||
| 690 |
_96237 _aEnergy |
||
| 700 | _aLorenz, David | ||
| 856 |
_yView at eemap.energyefficientmortgages.eu _uhttps://eemap.energyefficientmortgages.eu/wp-content/uploads/2018/04/EeMAP-White-Paper.pdf |
||
| 942 | _n0 | ||